000 00850nam a2200217Ia 4500
003 GCL
005 20240530102043.0
008 140319s9999 xx 000 0 ara d
040 _aGCL /
_cGCL
082 0 4 _a791.437/
_bص م
100 0 _aصلاح حافظ
245 1 0 _aمن الادب السينمائى عشرون فيلما تسجيليا عن الحياة والفن فى مصر /
_cتعليق صلاح حافظ ؛ تقديم احمد كامل مرسى ؛ تعقيب مختار السويفى
260 _aالقاهرة :
_bالدار المصرية اللبنانية ،
_c1992
300 _a151 ص. ؛
_e24 سم.
650 0 4 _aمصر
650 0 4 _aالسينما
650 0 4 _aالافلام التسجيلية
700 0 _aاحمد كامل مرسى
_eمقدم
700 0 _aمختار السويفى
_eمعقب
942 _2ddc
_cBK
999 _c29455
_d29455